| 000 | 01402cam a2200373 i 4500 | ||
|---|---|---|---|
| 001 | 19334188 | ||
| 003 | NUST | ||
| 005 | 20220228123348.0 | ||
| 008 | 161013s2017 enk b 001 0 eng | ||
| 010 | _a 2016028613 | ||
| 020 | _a9781138200081 (hardback) | ||
| 020 | _z9781315515298 (ebook) | ||
| 038 | _awaseem | ||
| 040 |
_aDLC _beng _cDLC _erda _dDLC |
||
| 042 | _apcc | ||
| 050 | 0 | 0 |
_aHC79.D4 _bJ47 2017 |
| 082 | 0 | 0 |
_a355.033 _bJES |
| 100 | 1 |
_aJesperson, Sasha, _eauthor. _989795 |
|
| 245 | 1 | 0 |
_aRethinking the security-development nexus : _borganised crime in post-conflict states / _cSasha Jesperson. |
| 264 | 1 |
_aLondon ; _aNew York : _bRoutledge, Taylor & Francis Group, _c2017. |
|
| 300 |
_aix, 200 pages ; _c24 cm. |
||
| 336 |
_atext _btxt _2rdacontent |
||
| 337 |
_aunmediated _bn _2rdamedia |
||
| 338 |
_avolume _bnc _2rdacarrier |
||
| 490 | 0 | _aRoutledge studies in conflict, security and development | |
| 504 | _aIncludes bibliographical references and index. | ||
| 563 | _aHBK. | ||
| 650 | 0 |
_aNational security _xEconomic aspects. _989796 |
|
| 650 | 0 |
_aInternal security _xEconomic aspects. _989797 |
|
| 650 | 0 |
_aPostwar reconstruction _xEconomic aspects. _989798 |
|
| 906 |
_a7 _bcbc _corignew _d1 _eecip _f20 _gy-gencatlg |
||
| 942 |
_2ddc _cBK |
||
| 999 |
_c588346 _d588346 |
||